{"text_format":"3","workbook":"xls","n_sheets":2,"sheets":["邳州公司","巨野分公司"],"read":"whole","date_system":"1900","formulas":"cached_only"}

{"sheet":"邳州公司","index":0,"n_rows":13,"n_cols":13,"rows_kept":13,"merged":[[0,2,0,11],[1,2,1,11],[2,2,2,11]],"flags":["formulas_cached_only"]}
[null,null,"五金收料统计日报表"]
[null,null,"日期： 2019    年    5  月  29  日                             填表人： 梅瑞雪"]
[null,null,"单位：大力神管桩有限公司"]
[null,"入库单号","品名","规格","数量","单位","单价","金额","供应商名称","联系方式","采购员","检验员","备注"]
[null,"WIN0050649","氧气",null,7,"瓶",28,196,"邳州苏源制氧有限公司",null,"戴春举","王亲亲"]
[null,null,"乙炔",null,6,"瓶",56,336]
[null,"WIN0050650","毛刷","4寸",100,"把",1.5,150,"现金（邳州石荣海建材五金）",null,"戴春举","马娇梅"]
[null,null,"防尘垫",null,5,"包",8,40,{"$nulls":3},"吴迪"]
[null,null,"防尘罩",null,10,"个",7.5,75,{"$nulls":3},"吴迪","康保仕，高效防颗粒物呼吸器"]
[null,null,"内六角扳手（套装）","1.5-10",3,"套",10,30,{"$nulls":3},"王庆洛","迈斯，9件套"]
[null,null,"活动扳手","250mm",2,"把",12,24,{"$nulls":3},"王庆洛","DOZENG"]
[null,null,"门锁","32mm",2,"个",3,6,{"$nulls":3},"梅瑞雪","环玛"]
[null,null,"橡胶手套",null,10,"双",4,40,{"$nulls":3},"梅瑞雪","南洋牛津乳胶手套"]

{"sheet":"巨野分公司","index":1,"n_rows":56,"n_cols":12,"rows_kept":56,"merged":[[0,0,0,11],[1,0,1,11],[2,0,2,11]],"flags":["formulas_cached_only"]}
["五金收料统计日报表"]
["日期： 2019  年 05月27 日                             填表人： 杨振华"]
["单位：江苏大力神管桩有限公司巨野分公司"]
["入库单号","品名","规格","数量","单位","单价","金额","供应商名称","联系方式","采购员","检验员","备注"]
["WIN008733","角铁","4*4",2,"根",45,90,"巨野县大型管材钢板批发中心",null,"张传朋","甘星允"]
["WIN008734","丝杆","20#",2,"根",13,26,"巨野县泗春五金机电门市部",13561346099,"张传朋","甘星允"]
[null,"8.8级高强螺丝","20*80",70,"个",2,140,"巨野县泗春五金机电门市部",13561346099,"张传朋","甘星允"]
[null,"轴承",32220,4,"个",128,512,"巨野县泗春五金机电门市部",13561346099,"张传朋","甘星允"]
[null,"焊条","4.0#",2,"箱",100,200,"巨野县泗春五金机电门市部",13561346099,"张传朋","甘星允"]
[null,"风炮套头","30#",36,"个",35,1260,"巨野县泗春五金机电门市部",13561346099,"张传朋","甘星允"]
["WIN008735","506焊条","4.0#",2,"箱",140,280,"巨野县泗春五金机电门市部",13561346099,"张传朋","甘星允"]
[null,"8.8级内六角","10*50",50,"套",0.6,30,"巨野县泗春五金机电门市部",13561346099,"张传朋","甘星允"]
[null,"8.8级高强螺丝","20*160",12,"套",4,48,"巨野县泗春五金机电门市部",13561346099,"张传朋","甘星允"]
[null,"轴承","22224CA",2,"套",260,520,"巨野县泗春五金机电门市部",13561346099,"张传朋","甘星允"]
["WIN008736","轴承",180206,10,"个",8.5,85,"巨野县泗春五金机电门市部",13561346099,"张传朋","甘星允"]
[null,"美工刀",null,2,"把",3,6,"巨野县泗春五金机电门市部",13561346099,"张传朋","甘星允"]
[null,"美工刀片",null,2,"盒",2,4,"巨野县泗春五金机电门市部",13561346099,"张传朋","甘星允"]
["WIN008737","千斤顶","20T",1,"台",298,298,"山东启阳液压科技有限公司","0539-8708188","张传朋","甘星允"]
["WIN008738","滚筒轴（加工件）","35*180",2,"件",55,110,"巨野县麒麟镇瑞麟机床加工厂",18253062776,"张传朋","甘星允"]
["WIN008739","轴承压盖","185*20",2,"件",90,180,"巨野县麒麟镇瑞麟机床加工厂",18253062776,"张传朋","甘星允"]
["WIN008740","反渗透膜保养阻垢剂",null,500,"KG",8.3,4150,"天津市津达正源节能环保科技有限公司",null,"王成军","甘星允"]
["WIN008741","密封圈","3200字母圈",20,"套",110,2200,"大城县金文华田密封材料有限公司",null,"王成军","甘星允"]
[{"$nulls":6},0]
[{"$nulls":6},0]
[{"$nulls":6},0]
[{"$nulls":6},0]
[{"$nulls":6},0]
[{"$nulls":6},0]
[{"$nulls":6},0]
[{"$nulls":6},0]
[{"$nulls":6},0]
[{"$nulls":6},0]
[{"$nulls":6},0]
[{"$nulls":6},0]
[{"$nulls":6},0]
[{"$nulls":6},0]
[{"$nulls":6},0]
[{"$nulls":6},0]
[{"$nulls":6},0]
[{"$nulls":6},0]
[{"$nulls":6},0]
[{"$nulls":6},0]
[{"$nulls":6},0]
[{"$nulls":6},0]
[{"$nulls":6},0]
[{"$nulls":6},0]
[{"$nulls":6},0]
[{"$nulls":6},0]
[{"$nulls":6},0]
[{"$nulls":6},0]
[{"$nulls":6},0]
[{"$nulls":6},0]
[{"$nulls":6},0]
[{"$nulls":6},0]
[{"$nulls":6},0]
[{"$nulls":6},0]